Statistics for Top 10 Best NBA Dunkers Ever

Click here to take the quiz!

General Stats

  • This quiz has been taken 15 times
  • The average score is 6 of 10

Answer Stats

NumberAnswer% Correct
2Michael Jordan
92%
1Vince Carter
92%
9LeBron James
77%
6Kobe Bryant
62%
3Dominique Wilkins
54%
4Julius Erving
54%
7Blake Griffin
38%
10Tracy McGrady
38%
5Shawn Kemp
31%
8Clyde Drexler
15%

Score Distribution

Percentile by Number Answered

Percent of People with Each Score

Your Score History

You have not taken this quiz